| 000 | 01640nam a2200397Ia 4500 | ||
|---|---|---|---|
| 001 | ebr10362033 | ||
| 003 | CaPaEBR | ||
| 006 | m u | ||
| 007 | cr cn||||||||| | ||
| 008 | 090626s2009 enk sb 001 0 eng d | ||
| 020 | _z9780567468741 (hbk.) | ||
| 020 | _z0567468747 (hbk.) | ||
| 020 | _z9780567552365 (ebook) | ||
| 020 | _z0567552365 (ebook) | ||
| 040 |
_aCaPaEBR _cCaPaEBR |
||
| 035 | _a(OCoLC)558716619 | ||
| 050 | 1 | 4 |
_aBT809 _b.G53 2009eb |
| 100 | 1 |
_aGibson, David, _d1969- |
|
| 245 | 1 | 0 |
_aReading the decree _h[electronic resource] : _bexegesis, election and Christology in Calvin and Barth / _cDavid Gibson. |
| 246 | 3 | _aExegesis, election and Christology in Calvin and Barth | |
| 260 |
_aLondon ; _aNew York : _bT & T Clark, _cc2009. |
||
| 300 | _axiii, 221 p. | ||
| 490 | 1 | _aT & T Clark studies in systematic theology | |
| 504 | _aIncludes bibliographical references (p. 203-211) and indexes. | ||
| 533 |
_aElectronic reproduction. _bPalo Alto, Calif. : _cebrary, _d2011. _nAvailable via World Wide Web. _nAccess may be limited to ebrary affiliated libraries. |
||
| 600 | 1 | 0 |
_aCalvin, Jean, _d1509-1564. |
| 600 | 1 | 0 |
_aBarth, Karl, _d1886-1968. |
| 600 | 0 | 0 |
_aJesus Christ _xPerson and offices. |
| 600 | 0 | 0 |
_aJesus Christ _xHistory of doctrines. |
| 650 | 0 | _aElection (Theology) | |
| 650 | 0 |
_aSalvation _xChristianity _xHistory of doctrines. |
|
| 655 | 7 |
_aElectronic books. _2local |
|
| 710 | 2 | _aebrary, Inc. | |
| 830 | 0 | _aT & T Clark studies in systematic theology. | |
| 856 | 4 | 0 |
_uhttp://site.ebrary.com/lib/rucke/Doc?id=10362033 _zAn electronic book accessible through the World Wide Web; click to view |
| 999 |
_c209327 _d209327 |
||